000 00542nam a2200217Ia 4500
005 20241216010019.0
008 180423s9999||||xx |||||||||||||| ||und||
082 _a332.46
_bM19
100 _aMALPICA, CARLOS
245 0 _aLOS DUEÑOS DEL PERU
250 _a4
260 _aLIMA-PERU
_bPEISA
_c1970
300 _a280 pag.
_c18 cm
341 _h0
490 _v0
_a0
505 _aORGANIZACIONES-PODER ECONOMICO (PERU)/DUEÑOS-TIERRA
541 _aC
_d17-Dec-93
650 _aCIENCIAS SOCIALES
856 _zHumanidades
942 _cLIBRO
999 _c3216
_d3216